[Event "Nikaia op 22nd"]
[Site "Nikaia"]
[Date "2014.08.31"]
[Round "7"]
[White "Fessas, Prokopios"]
[Black "Tsiros, Fragkiskos Vlasios"]
[Result "0-1"]
[WhiteElo "1981"]
[BlackElo "2108"]
[PlyCount "72"]
[EventDate "2014.08.26"]
[EventType "swiss"]
[EventRounds "9"]
[EventCountry "GRE"]
[SourceTitle "CBM 162 Extra"]
[Source "ChessBase"]
[SourceDate "2014.10.17"]
[SourceVersion "1"]
[SourceVersionDate "2014.10.17"]
[SourceQuality "1"]

1. Nf3 c5 2. c4 Nf6 3. Nc3 Nc6 4. g3 d5 5. d4 dxc4 6. d5 Nb4 7. e4 Bg4 8. Bxc4 e5 9. Bb5+ Nd7 10. 0-0 Bxf3 11. Qxf3 Nc2 12. Rb1 a6 13. Ba4 Nd4 14. Qh5 b5 15. Bd1 Bd6 16. f4 0-0 17. f5 Nf6 18. Qh3 b4 19. Ne2 Nxe4 20. f6 Nxf6 21. Bg5 Be7 22. Nxd4 cxd4 23. Bc2 g6 24. Rbe1 Qd6 25. Rf5 Nd7 26. Qg4 Bxg5 27. Qxg5 Kg7 28. Ba4 h6 29. Qg4 h5 30. Qh3 gxf5 31. Qxf5 Nc5 32. Bc2 d3 33. Qg5+ Qg6 34. Qxe5+ Qf6 35. Qxh5 dxc2 36. Rf1 Qxf1+ 0-1

[Event "Nikaia op 21st"]
[Site "Nikaia"]
[Date "2013.08.31"]
[Round "7"]
[White "Iliopoulos, Andreas"]
[Black "Fessas, Prokopios"]
[Result "1/2-1/2"]
[WhiteElo "1888"]
[BlackElo "1997"]
[PlyCount "55"]
[EventDate "2013.08.26"]
[EventType "swiss"]
[EventRounds "9"]
[EventCountry "GRE"]
[SourceTitle "CBM 156 Extra"]
[Source "ChessBase"]
[SourceDate "2013.10.22"]
[SourceVersion "1"]
[SourceVersionDate "2013.10.22"]
[SourceQuality "1"]

1. d4 Nf6 2. Bf4 b6 3. e3 Bb7 4. Nf3 e6 5. Bd3 c5 6. c3 Be7 7. h3 0-0 8. Nbd2 cxd4 9. exd4 d6 10. 0-0 Nbd7 11. Qe2 Re8 12. a4 Bf8 13. Rfe1 e5 14. dxe5 dxe5 15. Bg5 Nc5 16. Bc2 e4 17. Nd4 Qd6 18. Nc4 Qd5 19. Bxf6 gxf6 20. Ne3 Qg5 21. a5 Nd3 22. Bxd3 exd3 23. Qg4 bxa5 24. Rxa5 Qxg4 25. hxg4 Re5 26. Raa1 a5 27. Red1 Ba6 28. c4 1/2-1/2

[Event "Fyli 1st"]
[Site "Fyli"]
[Date "2010.10.13"]
[Round "4.2"]
[White "Fessas, Prokopios"]
[Black "Gougis, Antonios"]
[Result "1-0"]
[WhiteElo "1925"]
[BlackElo "1265"]
[PlyCount "53"]
[EventDate "2010.09.22"]
[EventType "tourn"]
[EventRounds "5"]
[EventCountry "GRE"]
[SourceTitle "EXT 2024"]
[Source "ChessBase"]
[SourceDate "2023.10.10"]
[SourceVersion "1"]
[SourceVersionDate "2023.10.10"]
[SourceQuality "1"]

1. Nf3 Nf6 2. c4 g6 3. Nc3 d5 4. Qa4+ Bd7 5. Qb3 dxc4 6. Qxc4 a6 7. d4 b5 8. Qb3 Be6 9. Qc2 Nc6 10. Nxb5 Bd5 11. Ne5 Be4 12. Nxc6 Bxc2 13. Nxd8 axb5 14. Nc6 Be4 15. Ne5 Bd5 16. a3 b4 17. a4 Nd7 18. Nxd7 Kxd7 19. f3 Bb3 20. e4 c6 21. a5 Bg7 22. e5 c5 23. Be3 cxd4 24. Bxd4 Ke6 25. f4 Rac8 26. Be2 Rhd8 27. Bb6 1-0

[Event "Nikaia op 18th"]
[Site "Nikaia"]
[Date "2010.08.20"]
[Round "1"]
[White "Fessas, Prokopios"]
[Black "Goumas, Georgios"]
[Result "0-1"]
[WhiteElo "1923"]
[BlackElo "2298"]
[PlyCount "120"]
[EventDate "2010.08.20"]
[EventType "swiss"]
[EventRounds "9"]
[EventCountry "GRE"]
[SourceTitle "CBM 138 Extra"]
[Source "ChessBase"]
[SourceDate "2010.10.29"]
[SourceVersion "1"]
[SourceVersionDate "2010.10.29"]
[SourceQuality "1"]

1. Nf3 c5 2. c4 Nc6 3. Nc3 e5 4. d3 g6 5. g3 Bg7 6. Bg2 Nge7 7. 0-0 0-0 8. Ne1 f5 9. Bg5 h6 10. Bxe7 Nxe7 11. Nc2 f4 12. Rb1 d6 13. b4 Rb8 14. bxc5 dxc5 15. Na3 a6 16. Nd5 Be6 17. Nxe7+ Qxe7 18. Rb6 Bf5 19. Bd5+ Kh7 20. Qc2 Rf6 21. Rfb1 Rxb6 22. Rxb6 h5 23. Nb1 fxg3 24. hxg3 h4 25. Nd2 hxg3 26. fxg3 Qg5 27. Nf1 e4 28. Bxe4 Rf8 29. Qd2 Qe7 30. Rxb7 Qf6 31. Bg2 Bc8 32. Rb1 Qf2+ 33. Kh1 Rf5 34. Qe1 Rh5+ 35. Nh2 Qxe1+ 36. Rxe1 Be5 37. Bf3 Rh3 38. Bg2 Rh6 39. Kg1 Bxg3 40. Nf3 Bxe1 41. Nxe1 Bg4 42. e3 g5 43. Nf3 Bxf3 44. Bxf3 Kg7 45. Kg2 Rb6 46. Kg3 a5 47. d4 cxd4 48. exd4 Rb4 49. Bd5 Ra4 50. Kf3 Rxa2 51. c5 Rc2 52. Be4 Rc1 53. c6 Kf6 54. Ke3 a4 55. Kd2 Rc4 56. Kd3 a3 57. Kxc4 a2 58. d5 a1Q 59. d6 Qe5 60. c7 Qxe4+ 0-1

[Event "Athens Smaok op 5th"]
[Site "Athens"]
[Date "2010.05.04"]
[Round "7.9"]
[White "Fessas, Prokopios"]
[Black "Anairousis, Panagiotis"]
[Result "0-1"]
[WhiteElo "1896"]
[BlackElo "2050"]
[PlyCount "80"]
[EventDate "2010.03.16"]
[EventType "swiss"]
[EventRounds "7"]
[EventCountry "GRE"]
[SourceTitle "EXT 2024"]
[Source "ChessBase"]
[SourceDate "2023.10.10"]
[SourceVersion "1"]
[SourceVersionDate "2023.10.10"]
[SourceQuality "1"]

1. Nf3 b5 2. g3 Bb7 3. Bg2 g5 4. 0-0 g4 5. Ne5 Bxg2 6. Kxg2 Nf6 7. d4 d6 8. Nd3 Qc8 9. Bf4 h5 10. Nd2 Qb7+ 11. f3 Nbd7 12. e4 Bh6 13. Bxh6 Rxh6 14. Re1 0-0-0 15. c4 Rg8 16. e5 Nh7 17. exd6 exd6 18. Qe2 Re6 19. Qf2 Rf6 20. Nf4 h4 21. Nd5 gxf3+ 22. Nxf3 Ng5 23. Nxf6 Nxf6 24. d5 hxg3 25. hxg3 Nge4 26. Qd4 Rxg3+ 27. Kh1 Rxf3 28. Rxe4 Nxe4 29. Qxe4 Rh3+ 30. Kg2 Rh8 31. Qd4 Rg8+ 32. Kf3 Kb8 33. Rc1 Qc8 34. Rh1 Qf5+ 35. Qf4 Qd3+ 36. Kf2 Qc2+ 37. Ke3 Re8+ 38. Kf3 Qe2+ 39. Kg3 Rg8+ 40. Kh4 Rh8+ 0-1

[Event "Heraklio op 13th"]
[Site "Heraklion"]
[Date "2009.06.14"]
[Round "2"]
[White "Fessas, Prokopios"]
[Black "Papadopoulou, Vera"]
[Result "0-1"]
[WhiteElo "1931"]
[BlackElo "2160"]
[PlyCount "114"]
[EventDate "2009.06.13"]
[EventType "swiss"]
[EventRounds "9"]
[EventCountry "GRE"]
[SourceTitle "EXT 2011"]
[Source "ChessBase"]
[SourceDate "2010.11.26"]
[SourceVersion "1"]
[SourceVersionDate "2010.11.26"]
[SourceQuality "1"]
[WhiteTeam "Greece"]
[BlackTeam "Turkey"]
[WhiteTeamCountry "GRE"]
[BlackTeamCountry "TUR"]

1. Nf3 Nf6 2. g3 g6 3. Bg2 Bg7 4. 0-0 0-0 5. d4 d6 6. c4 c6 7. Nc3 a6 8. a4 a5 9. h3 Na6 10. e4 Qc7 11. Be3 e5 12. Qd2 Re8 13. Rfd1 exd4 14. Nxd4 Nc5 15. Qc2 Qe7 16. f3 Nfd7 17. Bf2 Nf8 18. Kh2 Nfe6 19. f4 h5 20. Nf3 Nc7 21. Bxc5 dxc5 22. e5 Bf5 23. Qf2 Ne6 24. Nh4 Rad8 25. Nxf5 gxf5 26. Ne2 Rxd1 27. Rxd1 Rd8 28. Qe1 f6 29. Rxd8+ Qxd8 30. Nc3 fxe5 31. fxe5 Qd4 32. Qe2 h4 33. g4 Bxe5+ 34. Kh1 Qf4 35. Bf1 Nd4 36. Qg2 Kf7 37. gxf5 Nxf5 38. Ne2 Qxc4 39. Qf3 Qd5 40. Bg2 Qxf3 41. Bxf3 Bxb2 42. Bg4 Nd4 43. Nxd4 cxd4 44. Be2 Ke6 45. Kg2 Kd5 46. Kf3 Bc3 47. Kg4 Be1 48. Kf5 b6 49. Bf3+ Kc5 50. Ke4 Kc4 51. Be2+ Kc3 52. Bd1 c5 53. Be2 c4 54. Kd5 d3 55. Bg4 Kb4 56. Kd4 Bf2+ 57. Ke4 Kxa4 0-1

[Event "Athens op"]
[Site "Athens"]
[Date "2008.06.15"]
[Round "2"]
[White "Fessas, Prokopios"]
[Black "Tzotzolis, Halalambos"]
[Result "1/2-1/2"]
[WhiteElo "1890"]
[BlackElo "2165"]
[PlyCount "100"]
[EventDate "2008.06.14"]
[EventType "swiss"]
[EventRounds "9"]
[EventCountry "GRE"]
[SourceTitle "CBM 125 Extra"]
[Source "ChessBase"]
[SourceDate "2008.09.01"]
[SourceVersion "1"]
[SourceVersionDate "2008.09.01"]
[SourceQuality "1"]

1. c4 e5 2. g3 Nc6 3. Bg2 f5 4. Nc3 Nf6 5. d3 Bb4 6. Bd2 d6 7. e3 0-0 8. Nge2 Bxc3 9. Bxc3 Bd7 10. b4 Rb8 11. b5 Ne7 12. a4 Qe8 13. d4 Ng6 14. 0-0 f4 15. dxe5 dxe5 16. exf4 exf4 17. Nxf4 Nxf4 18. gxf4 Rd8 19. Qf3 Bf5 20. Rfe1 Qf7 21. Qxb7 Qxc4 22. Be5 Rd7 23. Rec1 Qe2 24. Bf3 Be4 25. Qxe4 Qxe4 26. Bxe4 Nxe4 27. Rxc7 Rxc7 28. Bxc7 Nc3 29. Be5 Ne2+ 30. Kg2 Nxf4+ 31. Bxf4 Rxf4 32. Ra2 Rb4 33. Kg3 Kf7 34. Kf3 Kf6 35. Ke3 Ke5 36. Kd3 Kd5 37. Kc3 Kc5 38. Ra3 Rf4 39. Ra1 Rf3+ 40. Kb2 Rxf2+ 41. Kb3 Rf3+ 42. Kb2 Rf2+ 43. Kb3 Rxh2 44. Rc1+ Kb6 45. Rc6+ Kb7 46. Re6 Rg2 47. a5 Rg4 48. Re7+ Kb8 49. Re8+ Kb7 50. Re7+ Kb8 1/2-1/2

[Event "Athens op"]
[Site "Athens"]
[Date "2008.06.14"]
[Round "1"]
[White "Kokolias, Konstantinos"]
[Black "Fessas, Prokopios"]
[Result "0-1"]
[WhiteElo "2214"]
[BlackElo "1890"]
[PlyCount "87"]
[EventDate "2008.06.14"]
[EventType "swiss"]
[EventRounds "9"]
[EventCountry "GRE"]
[SourceTitle "CBM 125 Extra"]
[Source "ChessBase"]
[SourceDate "2008.09.01"]
[SourceVersion "1"]
[SourceVersionDate "2008.09.01"]
[SourceQuality "1"]

1. e4 c5 2. Nf3 d6 3. d4 cxd4 4. Nxd4 Nf6 5. Nc3 g6 6. Be3 Bg7 7. f3 0-0 8. Qd2 Nc6 9. 0-0-0 Nxd4 10. Bxd4 Be6 11. Kb1 Qc7 12. g4 Rfc8 13. h4 Qa5 14. Qg5 Qxg5 15. hxg5 Nd7 16. Bxg7 Kxg7 17. Nd5 Bxd5 18. Rxd5 Rc5 19. Rd4 Rac8 20. c3 Rxg5 21. f4 Rxg4 22. e5 Rc7 23. exd6 exd6 24. Be2 Rg2 25. Re1 Rf2 26. Bd3 Nc5 27. Bc4 Na4 28. Re2 Rxe2 29. Bxe2 Re7 30. Bf3 Nc5 31. Rxd6 Re1+ 32. Kc2 Rf1 33. Bd5 Rxf4 34. b4 Rf2+ 35. Kc1 Na4 36. c4 Nc3 37. c5 Nxd5 38. Rxd5 h5 39. Rd4 Rxa2 40. b5 Ra5 41. Rb4 g5 42. Kd2 h4 43. Kd3 h3 44. Kc4 0-1